[Event "FIDE Candidates 2020"]
[Site "Yekaterinburg"]
[Date "2021.04.21"]
[Round "10.1"]
[White "Caruana, Fabiano"]
[Black "Ding, Liren"]
[Result "1/2-1/2"]
[WhiteElo "2820"]
[BlackElo "2791"]
[Annotator "TA"]
[PlyCount "80"]
[EventDate "2020.03.17"]
[EventType "tourn"]
[EventCountry "RUS"]
[SourceTitle "playchess.com"]
[Source "ChessBase"]
[SourceQuality "1"]

{[%evp 23,80,19,14,14,12,14,19,11,22,21,33,47,52,38,39,8,5,-7,0,-63,-79,-87,-75,-85,-55,-60,-14,-54,-54,-54,-36,-47,-17,-17,-17,-17,-17,-17,-17,-17,-17,-17,-17,-17,-17,-17,-17,-17,-35,-33,0,0,0,0,0,0,0,0,0]} 1. e4 e5 2. Nf3 Nc6 3. Bb5 a6 4. Ba4 Nf6 5. O-O Be7 6. Re1 b5 7. Bb3 O-O 8. a4 b4 9. a5 d6 10. d3 Be6 11. Bxe6 $1 {[%mdl 4] is more profitable than 11.Nbd2 at the moment.} fxe6 12. c3 Rb8 13. Nbd2 {C90: Closed Ruy Lopez with 7...d6: Early deviations.} Rb5 14. d4 bxc3 15. bxc3 exd4 ({Don't blunder} 15... Nxa5 $2 16. c4 $18) 16. cxd4 Qc8 17. Ba3 {[#]} Nxa5 $146 ({Predecessor:} 17... Qd7 18. Qc2 Nxa5 19. Rac1 Bd8 20. e5 Nd5 21. exd6 cxd6 22. Ne4 Rb6 23. Neg5 Bxg5 24. Nxg5 {1-0 (57) Dorer,M-Lindner,J DESC email 2011}) 18. Qc2 c5 19. e5 (19. Qa2 $5 {[%cal Re4e5]}) 19... dxe5 20. dxc5 Nc6 ({Not} 20... Bxc5 {[#]} 21. Rac1 $1 $16) 21. Ne4 ({White should play} 21. Rac1 $11) 21... Nxe4 $1 $15 22. Rxe4 Rd8 23. Rae1 (23. Nxe5 $2 Nxe5 24. Rxe5 Bf6 $17) 23... Bf6 24. h4 h6 25. R4e3 Rd5 26. g4 Qe8 27. Kg2 h5 28. g5 Be7 {[%cal Re7c5]} 29. Nxe5 {[#] Ng6 is the strong threat.} Bxc5 30. Bxc5 Rbxc5 31. Qg6 Qxg6 32. Nxg6 e5 33. f4 Rd2+ 34. R3e2 Rxe2+ 35. Rxe2 $11 {[%mdl 4096] Endgame KRN-KRN} Nd4 36. Re4 Rc2+ 37. Kf1 {The position is equal.} Rc1+ 38. Kf2 Rc2+ 39. Kf1 Rc1+ 40. Kf2 Rc2+ {Weighted Error Value: White=0.10/Black=0.04} 1/2-1/2

[Event "FIDE Candidates 2020"]
[Site "Yekaterinburg"]
[Date "2021.04.21"]
[Round "10.2"]
[White "Vachier-Lagrave, Maxime"]
[Black "Giri, Anish"]
[Result "1/2-1/2"]
[WhiteElo "2758"]
[BlackElo "2776"]
[Annotator "TA"]
[PlyCount "80"]
[EventDate "2020.03.17"]
[EventType "tourn"]
[EventCountry "RUS"]
[SourceTitle "playchess.com"]
[Source "ChessBase"]
[SourceQuality "1"]

{[%evp 18,80,12,0,0,0,2,4,8,10,5,10,1,0,1,0,4,-37,28,28,54,40,54,40,44,31,24,23,64,37,39,39,40,20,75,66,61,68,75,67,58,53,44,46,50,23,20,27,33,29,17,29,33,38,72,12,10,8,18,2,3,0,2,0,11]} 1. e4 c5 2. Nf3 Nc6 3. d4 cxd4 4. Nxd4 Nf6 5. Nc3 e5 6. Ndb5 d6 7. Nd5 Nxd5 8. exd5 Nb8 {[%cal Bc6b8,Bb8a6,Ba6c7][%mdl 32]} 9. c4 {9.a4 deserves study.} Be7 10. c5 Na6 {B33: Sicilian: Pelikan and Sveshnikov Variations.} 11. cxd6 Bxd6 12. Bc4 O-O 13. O-O Nc7 14. Nxd6 Qxd6 {[#]} 15. Qf3 $146 ({Predecessor:} 15. a4 Rd8 16. Qe2 b6 17. Re1 Nxd5 18. Qxe5 Qxe5 19. Rxe5 Nc7 20. Be3 Be6 21. Bxe6 Nxe6 22. a5 bxa5 23. Rexa5 Rab8 24. Rxa7 {½-½ (24) Wharrier,J (2408)-Biedermann,K (2384) ICCF email 2017}) 15... b6 16. Rd1 Bb7 17. Bg5 h6 (17... f6 $15 18. Be3 Rad8) 18. Bh4 $1 $11 b5 19. Bb3 Na6 20. Qe2 Nc5 $1 21. Qxb5 Nxb3 22. axb3 Rfb8 23. f3 a6 24. Qa5 Rc8 25. Qa3 Qb6+ (25... Qg6 $11 {remains equal.}) 26. Bf2 $16 Qb5 27. d6 Qd7 28. Qa4 Bc6 29. Qh4 Re8 30. Rac1 Rac8 31. Rc4 Re6 32. Bc5 Rg6 33. Qf2 Re8 34. Re1 e4 35. fxe4 Rg4 {[%cal Rg4e4]} 36. h3 (36. Qc2 $16) 36... Rgxe4 $11 {The position is equal.} 37. Rexe4 Rxe4 38. Rxe4 Bxe4 39. Qe2 Bb7 40. b4 Qc6 {Weighted Error Value: White=0.09/Black=0.11} 1/2-1/2

[Event "FIDE Candidates 2020"]
[Site "Yekaterinburg"]
[Date "2021.04.21"]
[Round "10.3"]
[White "Wang, Hao"]
[Black "Grischuk, Alexander"]
[Result "1/2-1/2"]
[WhiteElo "2763"]
[BlackElo "2777"]
[Annotator "TA"]
[PlyCount "82"]
[EventDate "2020.03.17"]
[EventType "tourn"]
[EventCountry "RUS"]
[SourceTitle "playchess.com"]
[Source "ChessBase"]
[SourceQuality "1"]

{[%evp 14,82,2,12,16,13,12,11,3,-16,0,-13,25,20,26,25,35,36,16,25,28,38,48,29,39,41,52,56,66,0,0,0,0,0,0,-130,-123,-143,-143,-130,-103,-154,-92,-123,-122,-108,-79,-108,19,13,19,11,13,30,25,39,147,78,135,105,50,0,0,-23,-23,-23,-24,-30,-23,-30,-30]} 1. e4 e6 2. d4 d5 3. Nc3 Nf6 4. e5 Nfd7 5. Nce2 c5 6. c3 Nc6 7. f4 {7.Nf3 is more fashionable.} Be7 8. Nf3 f6 {C11: French: Classical System: 4 e5 and 4 Bg5 dxe4.} 9. Be3 O-O 10. g3 Qb6 {The position is equal.} 11. Qd2 {[#]} cxd4 $146 ({Predecessor:} 11... Kh8 12. Bg2 cxd4 13. cxd4 Bb4 14. Nc3 Qa6 15. Kf2 fxe5 16. fxe5 Ndxe5 17. dxe5 Nxe5 {½-½ (53) Fedoseev,V (2667)-Morozevich,A (2676) Moscow 2016}) 12. Nfxd4 Nc5 13. exf6 $1 Bxf6 {Hoping for ...Qxb2!} 14. Nb3 Ne4 15. Qd3 Qc7 16. Bg2 Nd6 17. Bf2 Nc4 18. Qc2 Ne7 19. O-O e5 20. fxe5 $1 Bf5 21. exf6 ({White should play} 21. Qc1 $14 Qxe5 22. Nf4) 21... Bxc2 $11 22. fxe7 Rfe8 {Strongly threatening ...Be4.} 23. Nf4 Nb6 ({Wrong is} 23... Rxe7 $2 24. Nxd5 Qe5 25. Nxe7+ Qxe7 26. Bd5+ Kh8 27. Bxc4 $18) 24. Nxd5 (24. Bd4 $11) 24... Nxd5 $17 25. Bxd5+ Kh8 26. Nd4 {[#]} Qd7 $1 27. c4 {[#]} (27. Bc4 $142 Be4 28. Be6) 27... Bg6 (27... Bd3 $142 $1 {[%cal Rd3f1]} 28. Rfd1 Bg6) 28. Ne6 Rxe7 29. Rae1 Bf7 30. Nxg7 Bxd5 (30... Rxe1 $17 31. Bxe1 Kxg7 32. Bxf7 Qxf7 33. Rxf7+ Kxf7) 31. Rxe7 $1 $11 Qxe7 32. Nf5 Qf8 (32... Qe4 $5 33. Bd4+ Qxd4+ 34. Nxd4 Bxc4 $14) 33. Bd4+ Kg8 34. cxd5 {Threatens to win with d6.} h5 (34... h6 $1 $14) 35. d6 $16 {[%mdl 1024] White has strong compensation.} Kh7 (35... Qe8 $142) 36. Ne7 Qe8 37. Rf6 (37. b3 {is interesting.} b6 38. Bc3 a5 39. Rf5 Rd8 40. Be5) 37... Rd8 38. Bc3 {[#]} Rxd6 $1 {[%mdl 64] Remove Defender. Black has an edge.} 39. Rxd6 Qxe7 40. Rd4 Kg6 41. a3 Qe3+ {Weighted Error Value: White=0.15/Black=0.24} 1/2-1/2

[Event "FIDE Candidates 2020"]
[Site "Yekaterinburg"]
[Date "2021.04.21"]
[Round "10.4"]
[White "Nepomniachtchi, Ian"]
[Black "Alekseenko, Kirill"]
[Result "1-0"]
[WhiteElo "2789"]
[BlackElo "2696"]
[Annotator "TA"]
[PlyCount "61"]
[EventDate "2020.03.17"]
[EventType "tourn"]
[EventCountry "RUS"]
[SourceTitle "playchess.com"]
[Source "ChessBase"]
[SourceQuality "1"]

{[%evp 14,61,33,36,44,47,37,50,63,66,96,72,93,89,83,97,120,127,115,135,130,120,130,116,182,182,191,184,300,295,333,339,387,295,294,294,284,272,279,198,199,186,186,179,186,179,252,244,244,237]} 1. c4 Nf6 2. g3 e6 3. Bg2 d5 4. Nf3 dxc4 5. Qa4+ Nbd7 6. Qxc4 a6 7. Qc2 c5 8. Nc3 Be7 {A13: English Opening: 1...e6.} 9. O-O O-O 10. d4 cxd4 {White is slightly better.} 11. Nxd4 Qc7 {Black is on the road to losing.} 12. Rd1 {[#]} Rd8 $146 ({Predecessor:} 12... Nc5 13. Na4 Bd7 14. Nxc5 Bxc5 15. b4 Ba4 16. Qxa4 Bxd4 17. Rxd4 Qc3 18. Bb2 Qxb2 {1-0 (26) Korobkov,P (2508)-Provotorov,I (2398) Voronezh 2008}) 13. Be3 Nb6 14. Rac1 e5 15. Nf5 Bxf5 16. Qxf5 {[#] Threatens to win with Nd5!} Nc4 17. Bg5 {And now Bxf6 would win.} Rxd1+ 18. Nxd1 Rd8 (18... Qd8 $16 {was called for.} 19. Nc3 (19. Bxb7 Nd6 $17) 19... h6) 19. Bxf6 $18 Bxf6 20. Be4 Qa5 (20... Qd7 {was necessary.}) 21. Nc3 (21. Qxh7+ Kf8 $18) 21... Kf8 {[#]} 22. Nd5 $1 {[%mdl 512]} b5 {intending ...Qd2.} (22... Rxd5 23. Bxd5) 23. Qxh7 {[%cal Rh7h8]} (23. Nxf6 gxf6 24. Qxf6 Qd2 $18) 23... Rxd5 24. Bxd5 Qd2 25. Rxc4 (25. Qh8+ Ke7 $11) 25... bxc4 26. e4 {aiming for Qh8+.} Qxb2 27. Qh8+ (27. Bxc4 $6 Qc1+ 28. Bf1 g6 $16) 27... Ke7 28. Qc8 {Intending Qc7+ and mate.} Qb6 29. Qxc4 Qb5 (29... Kf8 $142 30. Kg2 (30. Bxf7 Qb5 $16) 30... Be7) 30. Qc7+ ({But not} 30. Bxf7 $6 Qxc4 31. Bxc4 a5 $16) 30... Qd7 31. Qc5+ {Weighted Error Value: White=0.11/Black=0.25} 1-0

[Event "FIDE Candidates 2020"]
[Site "Yekaterinburg"]
[Date "2021.04.23"]
[Round "11.1"]
[White "Nepomniachtchi, Ian"]
[Black "Caruana, Fabiano"]
[Result "1/2-1/2"]
[WhiteElo "2789"]
[BlackElo "2820"]
[Annotator "TA"]
[PlyCount "81"]
[EventDate "2020.03.17"]
[EventType "tourn"]
[EventCountry "RUS"]
[SourceTitle "playchess.com"]
[Source "ChessBase"]
[SourceQuality "1"]

{[%evp 14,81,0,-3,0,-8,10,8,8,8,15,8,10,0,0,0,0,0,0,-8,0,0,0,0,0,0,0,-6,0,0,0,0,0,0,19,19,19,19,19,19,34,41,41,41,41,34,34,27,32,19,19,19,19,19,19,19,19,19,19,19,23,0,0,0,0,0,0,0,0,0]} 1. e4 e5 2. Nf3 Nc6 3. Nc3 Nf6 4. d4 exd4 5. Nxd4 Bb4 6. Nxc6 bxc6 7. Bd3 d5 8. exd5 O-O {C47: Scotch Four Knights and Four Knights with 4 g3.} 9. O-O Bg4 10. f3 Bh5 11. Bg5 Qd6 12. Bxf6 Qxf6 13. dxc6 Bxc3 14. bxc3 Qxc3 15. Be4 {[#]} Bg6 $146 ({Predecessor:} 15... Qc5+ 16. Kh1 Rad8 17. Qe2 Bg6 18. Rad1 Rde8 19. Rd7 Bxe4 20. fxe4 Qxc6 21. Qd3 g6 {½-½ (39) Mihok,O (2552)-Malinovsky,K (2456) Ceske Budejovice 2020}) 16. Qd7 Rad8 17. Qxc7 Qc5+ 18. Kh1 Bxe4 19. fxe4 {[#] Black must now prevent Rxf7!} Rc8 20. Qd7 {Strongly threatening Rxf7!} Qxc6 21. Qxa7 Qxe4 22. Rfe1 (22. c3 {is more complex.} Rxc3 23. a4 Rc2 24. Rf2 Qe5 25. Raf1) 22... Qxc2 23. a4 Qc5 (23... Ra8 {is interesting.} 24. Qd4 Rfd8 25. Qb4 Rdb8 26. Qf4 h6) 24. Qxc5 Rxc5 $11 {[%mdl 4096] Endgame KRR-KRR} 25. a5 {[#] And now a6 would win.} Ra8 26. a6 {aiming for a7.} h5 27. Reb1 {a7 is the strong threat.} Kh7 28. Rb6 Ra7 29. Kg1 Rc2 30. h3 f6 31. Ra3 Kg6 32. Kh2 h4 33. Ra1 Rc4 34. Kg1 Rc2 35. Ra4 Rd2 36. Rg4+ Kf7 37. Rxh4 Ra2 {The position is equal.} 38. Rb7+ Rxb7 39. axb7 Rb2 40. Ra4 Rxb7 41. Kh2 {Weighted Error Value: White=0.03/Black=0.02} 1/2-1/2

[Event "FIDE Candidates 2020"]
[Site "Yekaterinburg"]
[Date "2021.04.23"]
[Round "11.2"]
[White "Alekseenko, Kirill"]
[Black "Wang, Hao"]
[Result "1/2-1/2"]
[WhiteElo "2696"]
[BlackElo "2763"]
[Annotator "TA"]
[PlyCount "110"]
[EventDate "2020.03.17"]
[EventType "tourn"]
[EventCountry "RUS"]
[SourceTitle "playchess.com"]
[Source "ChessBase"]
[SourceQuality "1"]

{[%evp 10,110,35,34,43,9,22,22,18,20,16,0,20,-4,34,29,37,38,50,34,35,28,29,8,4,0,48,39,37,39,40,40,47,53,47,0,0,0,0,0,0,-71,-68,-61,-78,-83,-84,-86,-12,-13,-12,-10,-12,-11,0,0,0,0,0,0,0,0,0,0,0,0,0,0,0,0,0,0,0,0,0,0,0,0,0,0,0,-8,-8,-8,-8,-8,0,0,0,0,0,0,0,0,0,0,0,0,0,0,0,0,0]} 1. e4 e5 2. Nf3 Nc6 3. Bc4 Nf6 4. d3 h6 5. c3 d6 6. Nbd2 g5 {C55: Two Knights: 4 d3, 4 d4 exd4 5 e5 and Max Lange Attack.} 7. Nf1 g4 8. N3d2 d5 9. exd5 Nxd5 10. Ne3 Nxe3 11. fxe3 {[#]} Na5 $146 ({Predecessor:} 11... f5 12. O-O Bd6 13. d4 Qe7 14. e4 f4 15. Bd5 h5 16. Nc4 Rf8 17. dxe5 Bxe5 18. Nxe5 Qxe5 {1-0 (34) Anand,V (2757)-Caruana,F (2822) Bucharest 2019}) 12. O-O Nxc4 13. Nxc4 Bg7 14. e4 h5 15. Ne3 Qd6 16. Qb3 O-O 17. Qc2 b6 18. Bd2 Ba6 19. c4 Rad8 20. Nd5 Bc8 21. Rae1 f5 22. exf5 (22. d4 $5 f4 23. c5 bxc5 24. dxc5 $14) 22... Bxf5 23. Bb4 c5 24. Bc3 Be6 25. Qd2 (25. Qa4 $11) 25... Rxf1+ $17 26. Rxf1 Bxd5 27. cxd5 Qg6 ({Much worse is} 27... Qxd5 $6 28. Qg5 $11) 28. Qd1 {[#]} Rxd5 ({Black should try} 28... b5 $1 $17 29. Qb3 a6 30. d6+ Kh7) 29. Qa4 $11 {The position is equal.} Rxd3 {Threatening ...a5.} 30. Qxa7 Rd8 31. a4 Rf8 32. Rxf8+ Bxf8 33. Qb8 Qb1+ 34. Kf2 Qf5+ 35. Ke2 Qe4+ 36. Kf2 Qf4+ 37. Kg1 Qc1+ 38. Kf2 Qf4+ 39. Kg1 Qe3+ 40. Kf1 Qd3+ 41. Kf2 Qf5+ 42. Ke2 Qc2+ 43. Kf1 Qd1+ (43... c4 {with more complications.} 44. Qxb6 Qd3+ 45. Kf2 Qf5+ 46. Kg1 Qb1+) 44. Kf2 Qxa4 45. Qxb6 {[#] Black must now prevent Qg6+.} Qc2+ 46. Kf1 {Hoping for Qe6+.} Qf5+ 47. Ke2 h4 48. Qb3+ Kh7 49. Qd5 Bg7 50. Qxc5 Qe4+ 51. Kf1 Qd3+ 52. Ke1 h3 53. gxh3 Qe4+ 54. Kf1 Qd3+ 55. Ke1 Qe4+ {Weighted Error Value: White=0.05/Black=0.06} 1/2-1/2

[Event "FIDE Candidates 2020"]
[Site "Yekaterinburg"]
[Date "2021.04.23"]
[Round "11.3"]
[White "Grischuk, Alexander"]
[Black "Vachier-Lagrave, Maxime"]
[Result "1-0"]
[WhiteElo "2777"]
[BlackElo "2758"]
[Annotator "TA"]
[PlyCount "95"]
[EventDate "2020.03.17"]
[EventType "tourn"]
[EventCountry "RUS"]
[SourceTitle "playchess.com"]
[Source "ChessBase"]
[SourceQuality "1"]

{[%evp 9,95,7,12,0,0,9,18,0,31,-2,-14,-8,-9,-14,-18,-25,-31,-69,-12,-23,-30,-35,-26,-26,0,0,7,27,44,68,172,185,186,181,160,154,201,180,168,179,242,129,162,114,109,107,76,61,87,90,66,96,87,13,20,0,0,0,0,8,0,9,8,8,69,69,204,69,69,69,69,69,69,69,69,69,29948,29958,29958,29956,29950,29953,5697,5697,4693,1224,29973,29974]} 1. e4 c5 2. Nc3 d6 3. d4 cxd4 4. Qxd4 Nc6 5. Qd2 g6 6. b3 {B23: Closed Sicilian: Lines without g3.} Bh6 7. f4 Nf6 8. Bb2 {The position is equal.} e5 9. Nge2 $5 {[%mdl 4] A promising side line.} O-O 10. O-O-O {[#]} Be6 $146 ({Predecessor:} 10... Nd4 11. Kb1 Bg4 12. g3 d5 13. Nxd5 Nxd5 14. exd5 Qxd5 15. Bxd4 exd4 16. Rg1 Rfe8 {0-1 (26) Gevorgyan,M (2228)-Shevchenko,K (2592) chess.com INT 2020}) 11. Kb1 a5 12. a4 Qb6 13. h4 (13. Qxd6 $2 Rfd8 $19) 13... Rac8 (13... Ng4 $1 $15 14. Re1 (14. Qxd6 $2 Nf2 $19) 14... Nb4) 14. h5 (14. Qxd6 $2 Rfd8 $19) 14... Nxh5 15. g3 Nb4 16. Bh3 Bxh3 17. Rxh3 Bg7 18. g4 Nf6 {[%cal Rf6g4]} 19. g5 {[%mdl 1024] White has compensation.} Nh5 (19... Ng4 $14) 20. f5 $18 Rfd8 21. f6 Bf8 22. Ng3 $1 {[%cal Rg3h5]} d5 23. exd5 (23. Nxh5 dxe4 24. Qe2 Rxd1+ 25. Qxd1 Qf2 $11) 23... Nxg3 (23... Nf4 $2 24. Rxh7 $3 {[%mdl 512]} Nbxd5 25. Nxd5 $18) 24. Rxg3 h5 (24... e4 $142 25. Qe1 Qc7) 25. Qe2 ({White should try} 25. gxh6 $18 Qxf6 26. Qh2) 25... Rc5 $16 {[%cal Rb4d5]} 26. Rh3 (26. Qxe5 $2 Bd6 $19) 26... Nxd5 27. Nxd5 Rcxd5 28. Rdh1 {Hoping for Bc1.} Qd6 29. Ka2 {And now Rxh5! would win.} Rd1 {[#]} 30. Rxh5 $40 {[%mdl 128] White wants a kill.} gxh5 31. Rxh5 (31. Rh3 $1 $16 Qd7 32. Qxh5 Qxh3 33. Qxh3) 31... Rd4 $1 $11 32. Rh1 Rxa4+ 33. Kb1 $1 Qd5 34. Qh5 {[%csl Gh1][%cal Rh5h8]} Qxh1+ $1 35. Qxh1 Rg4 36. Bxe5 Rxg5 (36... Re8 $11 37. Bc3 b6) 37. Qxb7 $14 Rd2 {[#]} ({Don't blunder} 37... Rxe5 $2 38. Qg2+ Kh7 39. Qh2+ Kg6 40. Qxe5 $18) ({Much weaker is} 37... Rd1+ 38. Kb2 $16) ({Better is} 37... Re8 $1 $14 38. Bc3 Bd6) 38. Bc3 (38. Bf4 $1 $18 {[%cal Rf4d2]} Rg1+ 39. Kb2) 38... Re2 39. Qc8 Rg1+ 40. Kb2 Rgg2 $1 41. Bxa5 {Threatens to win with b4.} Rxc2+ 42. Qxc2 Rxc2+ {[%mdl 8192]} (42... Ba3+ $14 43. Kc3 Rxc2+ 44. Kxc2 Kf8) 43. Kxc2 {KB-KB} Kh7 44. Kd3 Kg6 45. Bc3 Kf5 {[#]} 46. Kc4 $1 Ke6 47. b4 {[%cal Bb3b4,Bb4b5][%mdl 32]} Bd6 48. b5 {Weighted Error Value: White=0.14/Black=0.42} 1-0

[Event "FIDE Candidates 2020"]
[Site "Yekaterinburg"]
[Date "2021.04.23"]
[Round "11.4"]
[White "Giri, Anish"]
[Black "Ding, Liren"]
[Result "1-0"]
[WhiteElo "2776"]
[BlackElo "2791"]
[Annotator "TA"]
[PlyCount "57"]
[EventDate "2020.03.17"]
[EventType "tourn"]
[EventCountry "RUS"]
[SourceTitle "playchess.com"]
[Source "ChessBase"]
[SourceQuality "1"]

{[%evp 14,57,24,7,19,2,23,12,16,0,29,18,20,14,25,46,48,0,11,11,2,-29,-18,-20,-18,-69,-59,-34,52,57,95,97,158,64,152,172,193,187,164,156,182,181,722,715,1296,1289]} 1. e4 e5 2. Nf3 Nc6 3. Bb5 a6 4. Ba4 Nf6 5. O-O Be7 6. Bxc6 dxc6 7. d3 Bd6 8. Nbd2 {[%cal Bb1d2,Bd2b3,Bb3a5][%mdl 32]} Be6 {[#] C85: Closed Ruy Lopez: Deferred Exchange Variation.} 9. Nb3 $146 ({Predecessor:} 9. b3 Nd7 10. a4 a5 11. Nc4 Bxc4 12. bxc4 O-O 13. Rb1 Re8 14. c3 b6 15. Bg5 Be7 16. Be3 {1-0 (39) Le,Q (2694)-Jones,G (2709) Saint Louis 2019}) 9... Qe7 10. Na5 O-O-O {The position is equal.} 11. Qe2 Bg4 12. c3 c5 13. a3 c6 14. b4 Bc7 15. Nb3 Nd7 16. h3 Bh5 17. Be3 {[%cal Re3c5]} f5 18. Bxc5 Qf7 19. Rab1 ({White should try} 19. Nbd2 $11) 19... g5 20. exf5 g4 (20... Qxf5 $15 21. Qe4 Qxe4 22. dxe4 Nxc5 23. Nxc5 Bxf3 24. gxf3 b6 25. Nxa6 Rhf8) 21. Ng5 $1 $14 {[%cal Rg5f7]} Qxf5 22. h4 b6 {[#]} ({Black should play} 22... Rhe8) 23. Ne4 $1 bxc5 (23... g3 $1 $14 24. Qb2 gxf2+ 25. Rxf2 (25. Qxf2 Qxf2+ 26. Bxf2 Be2 $15) 25... Qe6) 24. bxc5 $16 {Threatens to win with Na5!} Nf6 {[#] White must now prevent ...g3.} 25. Nd6+ $1 Bxd6 26. cxd6 Rxd6 27. d4 {[%mdl 64] Discovered Attack} c5 $2 (27... Kd8 28. Qxa6 Ke7) 28. Nxc5 $18 Re8 29. Qc4 {Weighted Error Value: White=0.13/Black=0.27} 1-0

[Event "FIDE Candidates 2020"]
[Site "Yekaterinburg"]
[Date "2021.04.24"]
[Round "12.1"]
[White "Caruana, Fabiano"]
[Black "Giri, Anish"]
[Result "0-1"]
[WhiteElo "2820"]
[BlackElo "2776"]
[Annotator "TA"]
[PlyCount "90"]
[EventDate "2020.03.17"]
[EventType "tourn"]
[EventCountry "RUS"]
[SourceTitle "playchess.com"]
[Source "ChessBase"]
[SourceQuality "1"]

{[%evp 12,90,0,0,6,0,21,0,0,0,0,0,0,0,0,0,8,12,8,16,38,22,32,0,0,0,0,0,0,-20,0,0,0,-17,-21,-35,-37,-33,-40,-39,-29,-64,-68,-65,-72,-66,-65,-71,-71,-77,-73,-66,-66,-60,-59,-56,-60,-57,-54,-45,-55,-177,-172,-208,-200,-240,-240,-239,-239,-618,-178,-170,0,-633,-629,-1052,-946,-29960,-29962,-29971,-29972]} 1. e4 {Moradiabadi,E} c5 2. Nf3 e6 3. d4 cxd4 4. Nxd4 Nf6 5. Nc3 Nc6 6. a3 Be7 7. Be3 O-O {B45: Sicilian Four Knights.} 8. Be2 d6 {[#]} 9. Qd3 $146 ({Predecessor:} 9. Qd2 a6 10. O-O-O Na5 11. Kb1 Qc7 12. g4 Nc4 13. Bxc4 Qxc4 14. Rhg1 d5 15. exd5 Rd8 16. Bg5 exd5 17. Rge1 Be6 {1-0 (28) Demchenko,A (2629)-Kovalenko,I (2657) Minsk 2017 CBM 179 [Moradiabadi,E]}) 9... Bd7 {The position is equal.} 10. f4 e5 11. Nxc6 bxc6 12. O-O exf4 13. Bxf4 Be6 14. Qg3 Nd7 15. Rad1 Re8 16. Kh1 Qb8 17. b4 {[%cal Rf4d6]} (17. b3 {is more complex.} Ne5 18. Bh5 g6 19. Ne2 Kh8 20. Bf3) 17... Ne5 18. b5 Rc8 19. bxc6 Rxc6 20. Nd5 Qf8 21. c3 Rac8 22. Rc1 Ng6 23. Bd2 Bh4 24. Qe3 Rc5 25. c4 h6 26. Qb3 Bg5 27. Bxg5 hxg5 28. Qg3 Qd8 29. Rcd1 Bxd5 30. exd5 Nf4 31. Qf2 {Black should prevent g3.} R8c7 (31... Nxe2 32. Qxf7+ Kh8 33. Qh5+ Kg8 34. Qxe2 $16) 32. Rd4 Qe8 33. Bf3 Rxc4 34. Rxc4 Rxc4 35. Qxa7 Ra4 36. Qf2 ({Better is} 36. Qc7 $15) 36... Rxa3 $19 37. h4 Qe5 38. hxg5 Qxg5 39. Re1 Ra8 {Hoping for ...Nd3!} ({But not} 39... Nxd5 $2 40. Re8+ Kh7 41. Be4+ f5 42. Bxf5+ g6 {[#]} 43. Bxg6+ $1 {[%mdl 512]} Qxg6 44. Qh4+ Qh6 45. Rh8+ $3 {[%mdl 512]} Kxh8 46. Qxh6+ Kg8 47. Qxd6 $18) 40. Be4 (40. Rf1) 40... Ra2 $2 41. Rb1 {Threatening mate with Rb8+.} Ra8 ({Weaker is} 41... Rxf2 42. Rb8+ Qd8 43. Rxd8#) ({Wrong is} 41... Qh5+ $2 42. Kg1 $18) (41... Qh6+ 42. Kg1 Ra8) 42. Re1 $1 f5 43. Bb1 Kf7 {( -> ...Rh8+)} 44. Re3 Rh8+ 45. Kg1 {[#]} Nxg2 $1 {[%mdl 512] Weighted Error Value: White=0.37/Black=0.26} 0-1

[Event "FIDE Candidates 2020"]
[Site "Yekaterinburg"]
[Date "2021.04.24"]
[Round "12.2"]
[White "Ding, Liren"]
[Black "Grischuk, Alexander"]
[Result "1-0"]
[WhiteElo "2791"]
[BlackElo "2777"]
[Annotator "TA"]
[PlyCount "93"]
[EventDate "2020.03.17"]
[EventType "tourn"]
[EventCountry "RUS"]
[SourceTitle "playchess.com"]
[Source "ChessBase"]
[SourceQuality "1"]

{[%evp 13,93,2,9,5,0,5,5,0,7,11,3,13,17,-16,-9,-20,0,-7,0,0,2,0,0,-12,-8,-16,-12,-15,0,-2,0,0,0,0,0,0,14,0,0,0,11,0,9,11,12,9,33,37,22,0,0,0,0,0,0,0,0,-24,0,0,0,-12,0,0,0,0,0,0,39,39,39,39,145,145,135,116,351,333,642,623,679,689]} 1. d4 d5 2. c4 e6 3. Nf3 Nf6 4. Nc3 Be7 5. Bf4 O-O 6. e3 Nbd7 7. c5 Nh5 8. Bd3 {D37: Queen's Gambit Declined: 5 Bf4.} Nxf4 9. exf4 b6 10. b4 {The position is equal.} a5 11. a3 c6 12. O-O Ba6 13. Ne2 $5 {[%mdl 4] A promising side line.} Qc7 {[#]} 14. h4 $5 $146 {[%mdl 8] An interesting novelty.} ({Predecessor:} 14. g3 Bf6 15. Rb1 axb4 16. axb4 Qb7 17. Nc1 Bxd3 18. Nxd3 Ra3 19. Qc2 Rfa8 20. Rfc1 b5 21. Kg2 Nf8 22. Qd1 Ng6 23. Ra1 {½-½ (23) Grischuk,A (2777)-So,W (2770) chess.com INT 2020}) 14... h6 15. g3 Bc4 16. Qc2 b5 17. Rfe1 Ra7 18. Nc3 Rfa8 {[#] ...axb4 is the strong threat.} 19. Rab1 (19. Rad1 {looks sharper.} axb4 20. axb4 Bf6 21. Bh7+ Kh8 22. Bd3) 19... axb4 20. axb4 Bxd3 21. Qxd3 Bf6 22. h5 Ra3 23. Qc2 Be7 24. Kg2 Bf6 (24... Nf6 {is interesting.} 25. Rh1 Qb7 26. Ne5 Bd8 27. Rb3 R3a6) 25. Rec1 Bd8 26. Qe2 Bf6 27. Rc2 Qb8 28. Rbb2 Bd8 29. Nb1 R3a6 30. Ne5 Nf6 31. Nd2 Bc7 32. Nb3 Qe8 33. Nc1 Ra4 34. Ncd3 Ne4 35. g4 R8a6 36. f3 Nf6 37. Kf2 Ra1 38. Ra2 {White wants to play Rxa1.} Qa8 39. Nc1 R1xa2 40. Rxa2 Ra3 41. Rxa3 Qxa3 42. Qd2 Bxe5 (42... Qa8 $14) 43. dxe5 $16 Nd7 44. Ne2 f6 $2 {[#]} (44... Qa1 $16) 45. exf6 $1 $18 e5 $2 (45... Nxf6 46. Nd4 Qa8) 46. fxg7 e4 47. Qc3 {Weighted Error Value: White=0.04/Black=0.23} 1-0